| 000 | 00660nam a2200217 u 4500 | ||
|---|---|---|---|
| 005 | 20240815063729.0 | ||
| 008 | 170126s2006 ea r 000 0 spa d | ||
| 020 | _a1404274332 | ||
| 035 | _aUPN01000215603 | ||
| 049 | _aI | ||
| 050 | 4 |
_aQL737 C2.3 _bT4.8 |
|
| 100 | 1 |
_aThomas, Mary Ann _940184 |
|
| 245 | 1 | 3 |
_aLa vida de un león / _cMary Ann Thomas ; tr. José María Obregón. |
| 260 |
_aNew York : _bRosen, _c2006. |
||
| 300 |
_a8 p. : _bil. col. |
||
| 650 | 4 |
_aLeones _vLiteratura infantil _920632 |
|
| 650 | 4 |
_aAnimales _xHábitos y comportamiento _91059 |
|
| 650 | 4 |
_aLibros y lectura para niños _92290 |
|
| 905 | _aInfantil | ||
| 999 |
_c187703 _d187703 |
||